Statistics for Wales General Knowledge - Multiple Choice

Click here to take the quiz!

General Stats

  • This quiz has been taken 528 times
  • The average score is 10 of 15

Answer Stats

QuestionAnswer% Correct
Who is the Patron Saint of Wales ?St. David
90%
Which two plants are National Symbols of Wales ?Leek and Daffodil
88%
What is the most popular sport in Wales ?Rugby Union
88%
"Hen Wlad Fy Nhadau" is the National Anthem of Wales. What is the English translation ?Land of My Fathers
79%
Which is the SECOND largest city by population ?Swansea
77%
Sir Thomas John Woodward was born in 1940 in Treforest, Pontypridd. By what name is he better known ?Tom Jones
72%
Which "Python" was born in Colwyn Bay in North Wales ?Terry Jones
71%
Although Snowdon is the highest peak in Wales, it is also the most accessible. Why ?It has a railway to the summit
69%
"Pobol y Cwm" is the most popular Welsh language TV series. What type of programme is it ?Soap Opera
67%
Despite it's name Laverbread is not a bakery product, what is it ?Boiled seaweed
61%
"Y Wladfa" is the name of a Welsh settlement in which South American country ?Argentina
60%
Wales has 3 national parks. Which of these is the imposter ?Gower Peninsula
60%
The "National Eisteddfod" is one of the largest festivals in Europe celebrating which performance art ?Music
54%
Llanfair­pwllgwyngyll­gogery­chwyrn­drobwll­llan­tysilio­gogo­goch is famous for being the longest placename in the UK. In which county is the village situated ?Anglesey
37%
Which is the longest river entirely within Wales ?Towy
15%

Score Distribution

Percentile by Number Answered

Percent of People with Each Score

Your Score History

You have not taken this quiz